MEDICAL EMERGENCIES IN CHILDERN (Record no. 3868)

MARC details
000 -LEADER
fixed length control field 00361nam a2200145Ia 4500
008 - FIXED-LENGTH DATA ELEMENTS--GENERAL INFORMATION
fixed length control field 150201s2007 xx 000 0 und d
082 ## - DEWEY DECIMAL CLASSIFICATION NUMBER
Classification number 617.645
Item number M2007M
100 ## - MAIN ENTRY--PERSONAL NAME
Personal name SINGH,MEHERBAN
245 ## - TITLE STATEMENT
Title MEDICAL EMERGENCIES IN CHILDERN
250 ## - EDITION STATEMENT
Edition statement 4TH
260 ## - PUBLICATION, DISTRIBUTION, ETC. (IMPRINT)
Name of publisher, distributor, etc. SAGAR PUBLICATION
Place of publication, distribution, etc. DELHI
Date of publication, distribution, etc. 2007
300 ## - PHYSICAL DESCRIPTION
Extent 1-822
650 ## - SUBJECT ADDED ENTRY--TOPICAL TERM
Topical term or geographic name as entry element PEDODONTICS
942 ## - ADDED ENTRY ELEMENTS (KOHA)
Source of classification or shelving scheme Dewey Decimal Classification
Koha item type Books
Koha issues (borrowed), all copies 1
Holdings
Withdrawn status Lost status Source of classification or shelving scheme Damaged status Not for loan Home library Current library Date acquired Source of acquisition Cost, normal purchase price Serial Enumeration / chronology SGTU Bill Number Total Checkouts Full call number Barcode Date last seen Bill Date Koha item type Date last checked out
    Dewey Decimal Classification     SGT Dental Library SGT Dental Library 16/01/2008 DELHI BOOK STORE (DELHI) 900.00 1 SGTU 1990   617.645 M2007M FD4807 09/02/2015 20/12/2012 Books  
    Dewey Decimal Classification     SGT Dental Library SGT Dental Library 16/01/2008 DELHI BOOK STORE (DELHI) 900.00 1 SGTU 1990   617.645 M2007M FD4808 09/02/2015 20/12/2012 Books  
    Dewey Decimal Classification     SGT Dental Library SGT Dental Library 16/01/2008 DELHI BOOK STORE (DELHI) 900.00 1 SGTU 1990 1 617.645 M2007M FD4809 04/07/2022 20/12/2012 Books 23/06/2022
    Dewey Decimal Classification     SGT Dental Library SGT Dental Library 16/01/2008 DELHI BOOK STORE (DELHI) 900.00 1 SGTU 1990   617.645 M2007M FD4810 09/02/2015 20/12/2012 Books